书目信息 |
| 题名: |
桃优质丰产栽培实用技术
|
|
| 作者: | 陈敬谊 主编 | |
| 分册: | ||
| 出版信息: | 北京 化学工业出版社 2016 |
|
| 页数: | 194页 | |
| 开本: | 21cm | |
| 丛书名: | 果树丰产栽培技术丛书 | |
| 单 册: | ||
| 中图分类: | S662.1 | |
| 科图分类: | ||
| 主题词: | 桃--Tao--果树园艺 | |
| 电子资源: | ||
| ISBN: | 978-7-122-25697-3 | |
| 000 | 01089nam 2200277 450 | |
| 001 | 012001005194 | |
| 005 | 20141212150057.0 | |
| 010 | @a978-7-122-25697-3@dCNY25.00 | |
| 099 | @aCAL 012016045327 | |
| 100 | @a20160222d2016 em y0chiy50 ea | |
| 101 | 0 | @achi |
| 102 | @aCN@b110000 | |
| 105 | @ay a 000yy | |
| 106 | @ar | |
| 200 | 1 | @a桃优质丰产栽培实用技术@ATao You Zhi Feng Chan Zai Pei Shi Yong Ji Shu@f陈敬谊主编 |
| 210 | @a北京@c化学工业出版社@d2016 | |
| 215 | @a194页@d21cm | |
| 225 | 2 | @a果树丰产栽培技术丛书@AGuo Shu Feng Chan Zai Pei Ji Shu Cong Shu |
| 320 | @a有书目 | |
| 330 | @a本书介绍了桃产业现状与发展趋势、主要优良品种及特性、育苗技术、建园技术、营养与土肥水管理技术、整形修剪技术、花果管理技术及病虫害防治技术等内容。本书结合作者多年在生产一线实践经验,把生产中实用的、先进的桃栽培管理技术做了详实介绍,突出了桃栽培管理技术的实用性和可行性。 | |
| 410 | 0 | @12001 @a果树丰产栽培技术丛书 |
| 606 | 0 | @a桃@ATao@x果树园艺 |
| 690 | @aS662.1@v5 | |
| 701 | 0 | @a陈敬谊@AChen Jingyi@4主编 |
| 801 | 2 | @aCN@b江苏凤凰@c20191020 |
| 905 | @b1207601-4@dS662.1@e596@f4 | |
| 桃优质丰产栽培实用技术/陈敬谊主编.-北京:化学工业出版社,2016 |
| 194页;21cm.-(果树丰产栽培技术丛书) |
| ISBN 978-7-122-25697-3:CNY25.00 |
| 本书介绍了桃产业现状与发展趋势、主要优良品种及特性、育苗技术、建园技术、营养与土肥水管理技术、整形修剪技术、花果管理技术及病虫害防治技术等内容。本书结合作者多年在生产一线实践经验,把生产中实用的、先进的桃栽培管理技术做了详实介绍,突出了桃栽培管理技术的实用性和可行性。 |
| ● |
| 相关链接 |
|
|
|
|
正题名:桃优质丰产栽培实用技术
索取号:S662.1/596
 
预约/预借
| 序号 | 登录号 | 条形码 | 馆藏地/架位号 | 状态 | 备注 |
| 1 | 1207601 | 212076019 | 第二样本阅览室/ [索取号:S662.1/596] | 在馆 | |
| 2 | 1207602 | 212076028 | 第三借阅区/ [索取号:S662.1/596] | 在馆 | |
| 3 | 1207603 | 212076037 | 第三借阅区/ [索取号:S662.1/596] | 在馆 | |
| 4 | 1207604 | 212076046 | 第三借阅区/ [索取号:S662.1/596] | 在馆 |